Macroeconomics / (Record no. 10507)

MARC details
000 -LEADER
fixed length control field 00925pam a2200289 a 4500
001 - CONTROL NUMBER
control field 3468978
003 - CONTROL NUMBER IDENTIFIER
control field 000
005 - DATE AND TIME OF LATEST TRANSACTION
control field 20170719163021.0
007 - PHYSICAL DESCRIPTION FIXED FIELD--GENERAL INFORMATION
fixed length control field 000
008 - FIXED-LENGTH DATA ELEMENTS--GENERAL INFORMATION
fixed length control field 930325s1994 nyua b 001 0 eng
010 ## - LIBRARY OF CONGRESS CONTROL NUMBER
LC control number 93020536
020 ## - INTERNATIONAL STANDARD BOOK NUMBER
International Standard Book Number 0070178445 (acidfree paper)
040 ## - CATALOGING SOURCE
Original cataloging agency UOEL
Transcribing agency DLC
Modifying agency DLC
050 00 - LIBRARY OF CONGRESS CALL NUMBER
Classification number HB172.5
Item number .D67 1994
082 00 - DEWEY DECIMAL CLASSIFICATION NUMBER
Classification number 339
Edition number 20
100 1# - MAIN ENTRY--PERSONAL NAME
Personal name Dornbusch, Rudiger.
245 10 - TITLE STATEMENT
Title Macroeconomics /
Statement of responsibility, etc. Rudiger Dornbusch, Stanley Fischer.
250 ## - EDITION STATEMENT
Edition statement 6th ed.
260 ## - PUBLICATION, DISTRIBUTION, ETC. (IMPRINT)
Place of publication, distribution, etc. New York :
Name of publisher, distributor, etc. McGraw-Hill,
Date of publication, distribution, etc. c1994.
300 ## - PHYSICAL DESCRIPTION
Extent xxi, 635, 13, 24 p. :
Other physical details ill. ;
Dimensions 25 cm.
504 ## - BIBLIOGRAPHY, ETC. NOTE
Bibliography, etc Includes bibliographical references and index.
650 #0 - SUBJECT ADDED ENTRY--TOPICAL TERM
Topical term or geographic name as entry element Macroeconomics.
700 1# - ADDED ENTRY--PERSONAL NAME
Personal name Fischer, Stanley.
906 ## - LOCAL DATA ELEMENT F, LDF (RLIN)
a 7
b cbc
c orignew
d 1
e ocip
f 19
g y-gencatlg
942 ## - ADDED ENTRY ELEMENTS (KOHA)
Source of classification or shelving scheme Library of Congress Classification
Koha item type SES Book
Holdings
Withdrawn status Lost status Source of classification or shelving scheme Damaged status Not for loan Home library Current library Shelving location Date acquired Total Checkouts Full call number Barcode Date last seen Date checked out Copy number Price effective from Koha item type
    Library of Congress Classification     UOE Main Library UOE Main Library Open shelf 19/06/2015 1 HB172.5 .D67 1994 10057262 27/04/2026 05/04/2017 10057262 19/06/2015 Loan - Normal on open shelf
    Library of Congress Classification     UOE Main Library UOE Main Library Open shelf 29/06/2015 4 HB172.5 .D67 1994 10054161 27/04/2026 06/11/2016 10054161 29/06/2015 Loan - Normal on open shelf
    Library of Congress Classification     UOE Main Library UOE Main Library Short Loan Area 15/07/2016 1 HB172.5 .D67 1994 10055204 27/04/2026 02/08/2016 10055204 15/07/2016 Loan - Normal on open shelf
    Library of Congress Classification     UOE Main Library UOE Main Library Open shelf 19/07/2017   HB172.5 .D67 1994 20044258 27/04/2026   20044258 19/07/2017 SES Book
    Library of Congress Classification     UOE Town Campus UOE Town Campus Open shelf 29/06/2015   HB172.5 .D67 1994 10054162 29/06/2015   10054162 29/06/2015 Loan - Normal on open shelf